[Event "CHN-chTB"]
[Site "Qinhuangdao"]
[Date "2017.07.10"]
[Round "1.2"]
[White "Lysyj, Igor"]
[Black "Ye, Jiaxu"]
[Result "1-0"]
[WhiteElo "2627"]
[BlackElo "2053"]
[PlyCount "63"]
[EventDate "2017.07.10"]
[EventType "team-tourn"]
[EventRounds "11"]
[EventCountry "CHN"]
[SourceTitle "EXT 2018"]
[Source "ChessBase"]
[SourceDate "2017.10.13"]
[SourceVersion "1"]
[SourceVersionDate "2017.10.13"]
[SourceQuality "1"]
[WhiteTeam "Qingdao Qingwei"]
[BlackTeam "Shenyang 126 Middle School"]
[WhiteTeamCountry "CHN"]
[BlackTeamCountry "CHN"]

1. d4 Nf6 2. Nf3 e6 3. c4 b6 4. g3 Bb7 5. Bg2 Be7 6. Nc3 0-0 7. Qc2 d5 8. cxd5 Nxd5 9. Nxd5 Bxd5 10. 0-0 Nd7 11. e4 Bb7 12. Rd1 c5 13. d5 exd5 14. exd5 Bf6 15. h4 Re8 16. d6 Rb8 17. Bf4 Be4 18. Qd2 Qc8 19. Re1 Qc6 20. Re3 Bd5 21. Rae1 Rxe3 22. Rxe3 Qb7 23. Qe2 Nf8 24. Be5 Bxe5 25. Rxe5 Ne6 26. Ng5 Bxg2 27. Rxe6 Rf8 28. Re7 Qd5 29. Re8 g6 30. Rxf8+ Kxf8 31. Qe7+ Kg7 32. Ne6+ 1-0

[Event "CHN-chTB"]
[Site "Harbin"]
[Date "2016.07.16"]
[Round "11.4"]
[White "Nie, Xinyang"]
[Black "Ye, Jiaxu"]
[Result "1/2-1/2"]
[WhiteElo "2314"]
[BlackElo "2105"]
[PlyCount "99"]
[EventDate "2016.07.11"]
[EventType "team-swiss"]
[EventRounds "11"]
[EventCountry "CHN"]
[SourceTitle "CBM 173 Extra"]
[Source "ChessBase"]
[SourceDate "2016.08.29"]
[SourceVersion "1"]
[SourceVersionDate "2016.08.29"]
[SourceQuality "1"]
[WhiteTeam "Chongqing Qilin"]
[BlackTeam "Shenyang Qipaiyuan"]
[WhiteTeamCountry "CHN"]
[BlackTeamCountry "CHN"]

1. d4 Nf6 2. Nf3 e6 3. Bg5 Be7 4. c4 0-0 5. Nc3 d5 6. e3 Nbd7 7. Rc1 c6 8. Bd3 dxc4 9. Bxc4 Nd5 10. Bxe7 Qxe7 11. 0-0 Nxc3 12. Rxc3 e5 13. e4 exd4 14. Qxd4 Nb6 15. Bd3 Be6 16. b3 Rad8 17. Qe3 Bg4 18. Ne1 Qb4 19. Bc4 Nxc4 20. Rxc4 Qd2 21. Qxd2 Rxd2 22. f3 Be6 23. Rc2 Rfd8 24. Rf2 R2d4 25. Rfe2 a5 26. Rb2 g6 27. Nc2 Rd2 28. Kf2 b5 29. Ne3 Rxb2 30. Rxb2 c5 31. Rc2 Rc8 32. f4 f6 33. g4 Kg7 34. h4 h6 35. Kf3 Bf7 36. Rc3 Rc7 37. Rc2 Rc8 38. Rc1 Rc7 39. Nd5 Rc8 40. f5 h5 41. g5 Bxd5 42. exd5 fxg5 43. hxg5 gxf5 44. Kf4 c4 45. d6 cxb3 46. Rxc8 b2 47. d7 b1Q 48. d8Q Qe4+ 49. Kg3 Qe3+ 50. Kg2 1/2-1/2

[Event "CHN-chTB"]
[Site "Harbin"]
[Date "2016.07.11"]
[Round "1.3"]
[White "Ye, Jiaxu"]
[Black "Zhang, Xiaopeng"]
[Result "0-1"]
[WhiteElo "2105"]
[BlackElo "2320"]
[PlyCount "128"]
[EventDate "2016.07.11"]
[EventType "team-swiss"]
[EventRounds "11"]
[EventCountry "CHN"]
[SourceTitle "CBM 173 Extra"]
[Source "ChessBase"]
[SourceDate "2016.08.29"]
[SourceVersion "1"]
[SourceVersionDate "2016.08.29"]
[SourceQuality "1"]
[WhiteTeam "Shenyang Qipaiyuan"]
[BlackTeam "Hangzhou Chess Assoc"]
[WhiteTeamCountry "CHN"]
[BlackTeamCountry "CHN"]

1. e4 c5 2. d4 cxd4 3. c3 d3 4. Nf3 Nc6 5. Bxd3 d6 6. 0-0 Nf6 7. Bg5 e6 8. c4 Be7 9. Nc3 0-0 10. Qe2 a6 11. Rfd1 Qc7 12. Rac1 Ne5 13. b3 b6 14. Nxe5 dxe5 15. Be3 Bb7 16. f3 Nd7 17. Bb1 Rad8 18. Na4 Bc6 19. c5 b5 20. Nb2 a5 21. a3 Nb8 22. b4 Rxd1+ 23. Rxd1 Nd7 24. Nd3 Ra8 25. Qb2 Bf6 26. Nc1 Nb8 27. Bf2 Be8 28. Bd3 axb4 29. axb4 Qb7 30. Bf1 Nc6 31. Ne2 Ra4 32. Be1 Bg5 33. Ra1 Be3+ 34. Kh1 Qa8 35. Rxa4 Qxa4 36. Nc3 Qxb4 37. Qxb4 Nxb4 38. Bxb5 Bxb5 39. Nxb5 Bxc5 40. g3 Kf8 41. Kg2 Ke7 42. Bc3 f6 43. f4 exf4 44. gxf4 Nd3 45. Kf3 Kd7 46. h4 h5 47. Bd4 Bxd4 48. Nxd4 Nxf4 49. Nb3 Ng6 50. Kg3 Kd6 51. Nd2 Ke5 52. Nc4+ Kxe4 53. Nd6+ Ke3 54. Ne8 f5 55. Nxg7 f4+ 56. Kh3 f3 57. Nxh5 f2 58. Ng3 Kf3 59. Nf1 Nf4+ 60. Kh2 Nh5 61. Kh3 Nf4+ 62. Kh2 Ke2 63. Ng3+ Ke1 64. h5 Nxh5 0-1